[Event "CZE-chT2E 1415"]
[Site "Czech Republic"]
[Date "2015.04.19"]
[Round "11.6"]
[White "Vechet, Stanislav"]
[Black "Marek, Jiri"]
[Result "1-0"]
[WhiteElo "2204"]
[BlackElo "2033"]
[PlyCount "73"]
[EventDate "2014.11.02"]
[EventType "team-tourn"]
[EventRounds "11"]
[EventCountry "CZE"]
[SourceTitle "EXT 2022"]
[Source "ChessBase"]
[SourceDate "2021.10.06"]
[SourceVersion "1"]
[SourceVersionDate "2021.10.06"]
[SourceQuality "1"]
[WhiteTeam "Brno Moravska Slavia"]
[BlackTeam "Prusanky Podluzan"]
[WhiteTeamCountry "CZE"]
[BlackTeamCountry "CZE"]

1. d4 d5 2. c4 e6 3. Nc3 Be7 4. Nf3 Nf6 5. Bg5 h6 6. Bxf6 Bxf6 7. cxd5 exd5 8. e3 c6 9. Bd3 0-0 10. h3 Re8 11. 0-0 a5 12. Rc1 Nd7 13. a3 Nf8 14. Re1 Be6 15. Na4 g5 16. Nc5 b6 17. Nxe6 Rxe6 18. Bf5 Rd6 19. Ne5 Qe8 20. f4 Ne6 21. Qg4 Rad8 22. h4 c5 23. hxg5 hxg5 24. Bxe6 Rxe6 25. Qg3 Bxe5 26. fxe5 Qe7 27. Rf1 Re8 28. Rf5 Rg6 29. Qf3 Rd8 30. Rf1 Rd7 31. Qh5 Kg7 32. R1f3 Qd8 33. Rh3 g4 34. Qh7+ Kf8 35. Qxg6 gxh3 36. e6 h2+ 37. Kh1 1-0

[Event "CZE-chT2E 1415"]
[Site "Czech Republic"]
[Date "2014.11.30"]
[Round "3.2"]
[White "Marek, Jiri"]
[Black "Krcal, Michal"]
[Result "1/2-1/2"]
[WhiteElo "2033"]
[BlackElo "2246"]
[PlyCount "23"]
[EventDate "2014.11.02"]
[EventType "team-tourn"]
[EventRounds "11"]
[EventCountry "CZE"]
[SourceTitle "EXT 2022"]
[Source "ChessBase"]
[SourceDate "2021.10.06"]
[SourceVersion "1"]
[SourceVersionDate "2021.10.06"]
[SourceQuality "1"]
[WhiteTeam "Prusanky Podluzan"]
[BlackTeam "Zlin II"]
[WhiteTeamCountry "CZE"]
[BlackTeamCountry "CZE"]

1. e4 c6 2. d4 d5 3. e5 Bf5 4. Ne2 e6 5. Ng3 Bg6 6. h4 h6 7. h5 Bh7 8. Bd3 Bxd3 9. cxd3 c5 10. dxc5 Bxc5 11. d4 Bb6 12. Qg4 1/2-1/2

[Event "CZE-chT2E 1314"]
[Site "Czech Republic"]
[Date "2014.03.02"]
[Round "9.4"]
[White "Marek, Jiri"]
[Black "Sekanina, Jiri"]
[Result "0-1"]
[WhiteElo "2045"]
[BlackElo "2112"]
[PlyCount "46"]
[EventDate "2013.11.03"]
[EventType "team-tourn"]
[EventRounds "11"]
[EventCountry "CZE"]
[SourceTitle "EXT 2016"]
[Source "ChessBase"]
[SourceDate "2015.10.08"]
[SourceVersion "1"]
[SourceVersionDate "2015.10.08"]
[SourceQuality "1"]
[WhiteTeam "Prusanky Podluzan"]
[BlackTeam "Lipovec Garde"]
[WhiteTeamCountry "CZE"]
[BlackTeamCountry "CZE"]

1. e4 c5 2. c3 Nf6 3. e5 Nd5 4. d4 cxd4 5. Qxd4 e6 6. Nf3 Nc6 7. Qe4 f5 8. exf6 Nxf6 9. Qc2 Be7 10. Bg5 0-0 11. Bd3 h6 12. h4 d5 13. Nbd2 e5 14. Bxf6 Bxf6 15. 0-0-0 Qb6 16. Nc4 dxc4 17. Bxc4+ Kh8 18. Ng5 Bxg5+ 19. hxg5 Rxf2 20. Rd2 Qe3 21. gxh6 Bf5 22. hxg7+ Kxg7 23. Qd1 Rd8 0-1

[Event "CZE-chT2E 1112"]
[Site "Czech Republic"]
[Date "2012.03.04"]
[Round "9.7"]
[White "Marek, Jiri"]
[Black "Bilek, Petr"]
[Result "1-0"]
[WhiteElo "2040"]
[BlackElo "1946"]
[PlyCount "64"]
[EventDate "2011.10.09"]
[EventType "team-tourn"]
[EventRounds "11"]
[EventCountry "CZE"]
[SourceTitle "EXT 2013"]
[Source "ChessBase"]
[SourceDate "2012.11.22"]
[SourceVersion "1"]
[SourceVersionDate "2012.11.22"]
[SourceQuality "1"]
[WhiteTeam "Prusanky Podluzan"]
[BlackTeam "Veseli nad Moravou"]
[WhiteTeamCountry "CZE"]
[BlackTeamCountry "CZE"]

1. e4 e5 2. Nf3 Nc6 3. d4 exd4 4. Bc4 Nf6 5. 0-0 Nxe4 6. Re1 d5 7. Bxd5 Qxd5 8. Nc3 Qa5 9. Nxe4 Be6 10. Bd2 Bb4 11. Nxd4 Nxd4 12. c3 Be7 13. cxd4 Qd5 14. Bb4 Rd8 15. Bxe7 Kxe7 16. Qa4 Qxd4 17. Qa3+ Ke8 18. Nc5 Rd6 19. Nxb7 Rd5 20. Qf3 Qd3 21. Qf4 Ke7 22. Qxc7+ Kf6 23. Nc5 Qd4 24. Ne4+ Kg6 25. Qg3+ Kh6 26. h4 Rc8 27. Qf4+ Kg6 28. h5+ Kxh5 29. Re3 Rc2 30. Qh2+ Kg6 31. Rg3+ Kf5 32. Qh5+ Kf4 1-0

[Event "SVK-ch"]
[Site "Trencianske Teplice"]
[Date "2005.??.??"]
[Round "3"]
[White "Magerciak, Roman"]
[Black "Marek, Jiri"]
[Result "0-1"]
[WhiteElo "1965"]
[BlackElo "2159"]
[PlyCount "36"]
[EventDate "2005.07.03"]
[EventType "swiss"]
[EventRounds "9"]
[EventCountry "SVK"]
[SourceTitle "EXT 2007"]
[Source "ChessBase"]
[SourceDate "2006.11.23"]
[SourceVersion "1"]
[SourceVersionDate "2006.11.23"]
[SourceQuality "1"]

1. d4 Nf6 2. Nf3 d5 3. c4 e6 4. Nc3 Nbd7 5. g3 c6 6. Bg2 dxc4 7. a4 a5 8. 0-0 Be7 9. Nd2 Nb6 10. Nxc4 Nxc4 11. e4 0-0 12. b3 Nb6 13. Be3 Nbd7 14. e5 Nd5 15. Ne4 f5 16. Nc5 Nxe3 17. fxe3 Nxc5 18. dxc5 Bxc5 0-1

[Event "Bohemia South-chT 0405"]
[Site "Czech Republic"]
[Date "2005.??.??"]
[Round "?"]
[White "Markovic, Ivan1111"]
[Black "Marek, Jiri"]
[Result "1-0"]
[WhiteElo "2185"]
[BlackElo "1965"]
[PlyCount "97"]
[EventDate "2004.10.??"]
[EventType "team"]
[EventRounds "11"]
[EventCountry "CZE"]
[SourceTitle "EXT 2007"]
[Source "ChessBase"]
[SourceDate "2006.11.23"]
[SourceVersion "1"]
[SourceVersionDate "2006.11.23"]
[SourceQuality "1"]

1. e4 c6 2. d4 d5 3. e5 Bf5 4. Nf3 e6 5. Be2 Be7 6. 0-0 h5 7. b3 Nd7 8. c4 Nh6 9. Nc3 Kf8 10. cxd5 cxd5 11. Bd3 Rc8 12. Bxf5 Nxf5 13. Qd3 g5 14. Nxd5 Nxe5 15. dxe5 Qxd5 16. Qxd5 exd5 17. Bxg5 Bxg5 18. Nxg5 Ke7 19. Rfd1 Rhd8 20. Rd2 f6 21. exf6+ Kxf6 22. Nf3 Rc3 23. Kf1 d4 24. Rad1 Rxf3 25. gxf3 Ke5 26. Rc1 Rd7 27. Rd3 b6 28. Rc8 h4 29. Re8+ Kf4 30. Re4+ Kg5 31. f4+ Kf6 32. Ke2 Rd5 33. Rd1 Rc5 34. Kd2 Ra5 35. a4 Rd5 36. Rc1 Rd6 37. Kd3 a6 38. Rc8 b5 39. axb5 axb5 40. Rb8 Rc6 41. b4 Rc3+ 42. Kd2 Ng7 43. Rb6+ Kf5 44. Rxd4 Rf3 45. Ke2 Rh3 46. f3 Rxh2+ 47. Ke3 Ne6 48. Rd5+ Kf6 49. f5 1-0

[Event "Bohemia South-chT 0405"]
[Site "Czech Republic"]
[Date "2004.??.??"]
[Round "?"]
[White "Marek, Jiri"]
[Black "Ruzicka, Frantisek"]
[Result "0-1"]
[WhiteElo "1965"]
[BlackElo "2130"]
[PlyCount "98"]
[EventDate "2004.10.??"]
[EventType "team"]
[EventRounds "11"]
[EventCountry "CZE"]
[SourceTitle "EXT 2007"]
[Source "ChessBase"]
[SourceDate "2006.11.23"]
[SourceVersion "1"]
[SourceVersionDate "2006.11.23"]
[SourceQuality "1"]

1. e4 c5 2. d4 cxd4 3. Nf3 e6 4. c3 d3 5. Bxd3 a6 6. 0-0 d6 7. Qe2 Nf6 8. Rd1 Qc7 9. Bf4 Nbd7 10. e5 Nh5 11. exd6 Nxf4 12. dxc7 Nxe2+ 13. Bxe2 Bc5 14. Ne5 Bb6 15. Bf3 Ra7 16. Nxd7 Bxd7 17. c8Q+ Bxc8 18. Na3 Ke7 19. Nc4 Bc7 20. Ne3 Rd8 21. Rxd8 Bxd8 22. Re1 g6 23. g3 Bd7 24. h4 Bc6 25. Bxc6 bxc6 26. Rd1 Rd7 27. Rxd7+ Kxd7 28. Nc4 Bc7 29. f4 e5 30. fxe5 Ke6 31. Kg2 Bxe5 32. Kf3 Bc7 33. a4 f5 34. Ne3 h6 35. Nc4 g5 36. hxg5 hxg5 37. b4 g4+ 38. Kf2 Kd5 39. Ne3+ Ke4 40. c4 Be5 41. Ng2 Kd3 42. b5 axb5 43. axb5 c5 44. b6 Kxc4 45. Ne3+ Kd3 46. Nxf5 c4 47. b7 c3 48. Ne3 c2 49. Nxg4 Bb8 0-1

[Event "CZE-chT2c 9596"]
[Site "Czech Republic"]
[Date "1996.??.??"]
[Round "10"]
[White "Jurka, Miroslav"]
[Black "Marek, Jiri"]
[Result "1/2-1/2"]
[WhiteElo "2335"]
[BlackElo "2265"]
[PlyCount "65"]
[EventDate "1995.??.??"]
[EventType "team"]
[EventRounds "11"]
[EventCountry "CZE"]
[SourceTitle "EXT 2000"]
[Source "ChessBase"]
[SourceDate "1999.11.16"]
[SourceVersion "1"]
[SourceVersionDate "1999.11.16"]
[SourceQuality "1"]

1. Nf3 d5 2. d4 Nf6 3. c4 e6 4. Nc3 Be7 5. Bg5 0-0 6. Rc1 b6 7. cxd5 Nxd5 8. Nxd5 exd5 9. Bxe7 Qxe7 10. g3 Be6 11. Bg2 c5 12. Ne5 f6 13. Nd3 Na6 14. dxc5 bxc5 15. 0-0 Rad8 16. Qa4 Qd6 17. Rfd1 g5 18. Rd2 Qb6 19. Ne1 d4 20. b3 Nb4 21. Nd3 Nxd3 22. Rxd3 Kg7 23. Rd2 Rc8 24. Qa3 Rc7 25. Rdc2 Rfc8 26. Be4 a5 27. Bd3 Bh3 28. Qa4 Qb4 29. Rc4 Qb6 30. R4c2 Qb4 31. Rc4 Qb6 32. R4c2 Qb4 33. Rc4 1/2-1/2

[Event "Cappelle op 10th"]
[Site "Cappelle la Grande"]
[Date "1994.??.??"]
[Round "2"]
[White "Roeder, Mathias"]
[Black "Marek, Jiri"]
[Result "1-0"]
[WhiteElo "2435"]
[BlackElo "2280"]
[PlyCount "57"]
[EventDate "1994.02.??"]
[EventType "swiss"]
[EventRounds "9"]
[EventCountry "FRA"]
[SourceTitle "TD"]
[Source "ChessBase"]
[SourceDate "1994.03.01"]
[SourceVersion "1"]
[SourceVersionDate "1994.03.01"]
[SourceQuality "1"]

1. d4 Nf6 2. c4 g6 3. Nc3 d5 4. Bf4 Bg7 5. e3 c6 6. Nf3 0-0 7. Be2 Nbd7 8. 0-0 dxc4 9. Bxc4 Nb6 10. Bb3 Nbd5 11. Be5 Bg4 12. h3 Bxf3 13. Qxf3 Nxc3 14. bxc3 Nd7 15. Bxg7 Kxg7 16. e4 e5 17. Qe3 Qe7 18. f4 f6 19. Rf3 c5 20. dxe5 fxe5 21. f5 Rac8 22. Be6 Rcd8 23. Bxd7 Qxd7 24. Raf1 Qe7 25. Kh2 b6 26. c4 Rd6 27. a4 Qd8 28. fxg6 Rxf3 29. Qxf3 1-0

[Event "CSR-chT"]
[Site "Czechoslovakia"]
[Date "1992.??.??"]
[Round "?"]
[White "Certek, Pavel"]
[Black "Marek, Jiri"]
[Result "1-0"]
[WhiteElo "2325"]
[BlackElo "2240"]
[PlyCount "75"]
[EventDate "1992.??.??"]
[EventType "team"]
[EventRounds "13"]
[EventCountry "CSR"]
[SourceTitle "TD"]
[Source "ChessBase"]
[SourceDate "1994.03.01"]
[SourceVersion "1"]
[SourceVersionDate "1994.03.01"]
[SourceQuality "1"]

1. d4 Nf6 2. c4 e6 3. Nf3 b6 4. e3 Bb7 5. Bd3 Be7 6. 0-0 c5 7. Nc3 cxd4 8. exd4 d5 9. cxd5 Nxd5 10. Bb5+ Bc6 11. Qa4 Qd7 12. Bxc6 Nxc6 13. Nxd5 Qxd5 14. Ne5 b5 15. Qa6 Nxd4 16. Be3 0-0 17. Bxd4 Qxd4 18. Nc6 Qc5 19. Rac1 Qg5 20. f4 Qf6 21. Qxb5 Bd6 22. g3 Bc7 23. Kh1 Bb6 24. a4 Rfe8 25. a5 Be3 26. Rc4 Qf5 27. Qxf5 exf5 28. Rd1 Re6 29. Rd7 Kf8 30. Ne5 f6 31. Nf3 Re7 32. Rxe7 Kxe7 33. Rc3 Bxf4 34. gxf4 Kd6 35. Rd3+ Ke7 36. b4 Rb8 37. Nd4 g6 38. Nc6+ 1-0